| 000 | 00642nam a22002057a 4500 | ||
|---|---|---|---|
| 005 | 20251108164030.0 | ||
| 008 | 250721s1993 xx 000 0 ara d | ||
| 082 | 1 | 4 | _a347.1/خال |
| 100 | 1 | _aشهاب، خالد | |
| 245 | 1 | 0 | _aالدفوع الشرعية الموضوعية / |
| 264 | 1 |
_aالقاهرة : _bمركز الأبحاث و الدراسات القانونية، _c1993. |
|
| 300 | _a555ص | ||
| 490 | 0 | _aالدفوع العملية | |
| 650 | 1 | 7 | _aقانون الأحوال الشخصية |
| 650 | 1 | 7 | _aالقانون المدني |
| 650 | 1 | 7 | _aالإسلام |
| 650 | 1 | 7 | _aالفقه |
| 942 |
_2ddc _cBK |
||
| 999 |
_c1914 _d1914 |
||